[Event "DVM U20w 2023"]
[Site "Magdeburg GER"]
[Date "2023.12.28"]
[Round "4"]
[White "Sickmann, Lisa"]
[Black "Basovskiy, Jana"]
[Result "1-0"]
[Termination "normal"]
[Board "3.1"]
[WhiteElo "1883"]
[BlackElo "1847"]
[WhiteClock "00:50:57"]
[BlackClock "00:00:38"]
[WhiteTeam "Lübecker SV 1873"]
[BlackTeam "Karlsruher SF 1853"]
[PlyCount "81"]
[WhiteFideId "16267818"]
[BlackFideId "16208617"]
[EventCountry "GER"]
[EventRounds "7"]
[EventType "team-swiss"]
[EventDate "2023.12.26"]

1. e4 {[%clk 01:30:57]} {[%emt 00:00:02]} c6 {[%clk 01:30:56]} {[%emt
00:00:04]} 2. d4 {[%clk 01:31:22]} {[%emt 00:00:05]} d5 {[%clk 01:31:23]}
{[%emt 00:00:04]} 3. Nc3 {[%clk 01:31:47]} {[%emt 00:00:05]} dxe4 {[%clk
01:31:50]} {[%emt 00:00:03]} 4. Nxe4 {[%clk 01:32:12]} {[%emt 00:00:05]} Bf5
{[%clk 01:32:15]} {[%emt 00:00:05]} 5. Ng3 {[%clk 01:32:38]} {[%emt 00:00:03]}
Bg6 {[%clk 01:32:40]} {[%emt 00:00:05]} 6. h4 {[%clk 01:33:06]} {[%emt
00:00:03]} h6 {[%clk 01:33:07]} {[%emt 00:00:03]} 7. Nf3 {[%clk 01:33:33]}
{[%emt 00:00:03]} Nd7 {[%clk 01:33:33]} {[%emt 00:00:04]} 8. h5 {[%clk
01:33:59]} {[%emt 00:00:04]} Bh7 {[%clk 01:34:00]} {[%emt 00:00:04]} 9. Bd3
{[%clk 01:34:24]} {[%emt 00:00:04]} Bxd3 {[%clk 01:34:24]} {[%emt 00:00:05]}
10. Qxd3 {[%clk 01:34:52]} {[%emt 00:00:02]} e6 {[%clk 01:34:48]} {[%emt
00:00:07]} 11. Bf4 {[%clk 01:35:11]} {[%emt 00:00:11]} Qa5+ {[%clk 01:34:56]}
{[%emt 00:00:21]} 12. Bd2 {[%clk 01:35:36]} {[%emt 00:00:05]} Bb4 {[%clk
01:35:19]} {[%emt 00:00:08]} 13. c3 {[%clk 01:32:29]} {[%emt 00:03:37]} Be7
{[%clk 01:35:44]} {[%emt 00:00:04]} 14. Ne4 {[%clk 01:26:17]} {[%emt 00:06:43]}
Ngf6 {[%clk 01:34:40]} {[%emt 00:01:34]} 15. Nxf6+ {[%clk 01:25:31]} {[%emt
00:01:15]} Nxf6 {[%clk 01:31:08]} {[%emt 00:04:02]} 16. Ne5 {[%clk 01:25:36]}
{[%emt 00:00:26]} Qd5 {[%clk 01:19:20]} {[%emt 00:12:18]} 17. f3 {[%clk
01:20:05]} {[%emt 00:06:00]} Rd8 {[%clk 01:12:28]} {[%emt 00:07:22]} 18. Qc4
{[%clk 01:13:35]} {[%emt 00:07:00]} O-O {[%clk 01:04:37]} {[%emt 00:08:21]} 19.
O-O-O {[%clk 01:11:50]} {[%emt 00:02:15]} Bd6 {[%clk 00:54:51]} {[%emt
00:10:17]} 20. Qxd5 {[%clk 01:10:10]} {[%emt 00:02:09]} exd5 {[%clk 00:54:24]}
{[%emt 00:00:57]} 21. g4 {[%clk 01:08:57]} {[%emt 00:01:43]} Rfe8 {[%clk
00:47:39]} {[%emt 00:07:16]} 22. Rde1 {[%clk 01:08:21]} {[%emt 00:01:06]} Re7
{[%clk 00:41:42]} {[%emt 00:06:26]} 23. g5 {[%clk 01:06:48]} {[%emt 00:02:03]}
hxg5 {[%clk 00:38:06]} {[%emt 00:04:07]} 24. Bxg5 {[%clk 01:06:42]} {[%emt
00:00:35]} Rde8 {[%clk 00:36:30]} {[%emt 00:02:06]} 25. Reg1 {[%clk 01:03:33]}
{[%emt 00:03:40]} Re6 {[%clk 00:30:31]} {[%emt 00:06:29]} 26. Bh6 {[%clk
00:55:25]} {[%emt 00:08:37]} Ng4 {[%clk 00:03:16]} {[%emt 00:27:46]} 27. Nxg4
{[%clk 00:50:39]} {[%emt 00:05:16]} gxh6 {[%clk 00:02:42]} {[%emt 00:01:03]}
28. Nf6+ {[%clk 00:50:27]} {[%emt 00:00:43]} Kh8 {[%clk 00:03:05]} {[%emt
00:00:07]} 29. Nxe8 {[%clk 00:50:43]} {[%emt 00:00:13]} Rxe8 {[%clk 00:03:34]}
{[%emt 00:00:01]} 30. Rg4 {[%clk 00:50:49]} {[%emt 00:00:23]} Rg8 {[%clk
00:02:32]} {[%emt 00:01:33]} 31. Rhg1 {[%clk 00:50:57]} {[%emt 00:00:22]} Rg5
{[%clk 00:01:39]} {[%emt 00:01:23]} 32. Kc2 {[%clk 00:50:46]} {[%emt 00:00:41]}
Bf4 {[%clk 00:01:08]} {[%emt 00:01:02]} 33. Rxg5 {[%clk 00:49:15]} {[%emt
00:02:01]} hxg5 {[%clk 00:01:06]} {[%emt 00:00:31]} 34. Re1 {[%clk 00:49:21]}
{[%emt 00:00:24]} Bd6 {[%clk 00:01:30]} {[%emt 00:00:06]} 35. Re8+ {[%clk
00:49:33]} {[%emt 00:00:18]} Kg7 {[%clk 00:01:46]} {[%emt 00:00:14]} 36. Rd8
{[%clk 00:49:27]} {[%emt 00:00:36]} Bf4 {[%clk 00:01:23]} {[%emt 00:00:54]} 37.
Rd7 {[%clk 00:49:50]} {[%emt 00:00:06]} b6 {[%clk 00:01:00]} {[%emt 00:00:55]}
38. Rxa7 {[%clk 00:50:13]} {[%emt 00:00:06]} Kf6 {[%clk 00:00:39]} {[%emt
00:00:51]} 39. a4 {[%clk 00:50:21]} {[%emt 00:00:22]} Ke6 {[%emt 00:00:39]} 40.
Rb7 {[%clk 00:50:33]} {[%emt 00:00:17]} f5 {[%clk 00:00:38]} {[%emt 00:00:23]}
41. h6 {[%clk 00:50:57]} {[%emt 00:00:06]} 1-0

[Event "DVM U20w 2023"]
[Site "Magdeburg GER"]
[Date "2023.12.28"]
[Round "4"]
[White "Fischer, Darja"]
[Black "Schmidt, Antonia"]
[Result "1/2-1/2"]
[Termination "normal"]
[Board "3.2"]
[WhiteElo "1775"]
[BlackElo "1647"]
[WhiteClock "00:18:09"]
[BlackClock "00:17:53"]
[WhiteTeam "Karlsruher SF 1853"]
[BlackTeam "Lübecker SV 1873"]
[PlyCount "59"]
[WhiteFideId "16240898"]
[BlackFideId "16291280"]
[EventCountry "GER"]
[EventRounds "7"]
[EventType "team-swiss"]
[EventDate "2023.12.26"]

1. d4 {[%clk 01:30:58]} {[%emt 00:00:02]} Nf6 {[%clk 01:30:58]} {[%emt
00:00:02]} 2. Nf3 {[%clk 01:31:21]} {[%emt 00:00:06]} g6 {[%clk 01:31:10]}
{[%emt 00:00:19]} 3. Bg5 {[%clk 01:31:45]} {[%emt 00:00:05]} Ne4 {[%clk
01:30:55]} {[%emt 00:00:46]} 4. Bh4 {[%clk 01:31:20]} {[%emt 00:00:55]} Bg7
{[%clk 01:29:11]} {[%emt 00:02:14]} 5. e3 {[%clk 01:31:25]} {[%emt 00:00:25]}
c5 {[%clk 01:27:33]} {[%emt 00:02:07]} 6. c3 {[%clk 01:30:41]} {[%emt
00:01:14]} Qb6 {[%clk 01:24:39]} {[%emt 00:03:25]} 7. Nbd2 {[%clk 01:28:32]}
{[%emt 00:02:39]} Nxd2 {[%clk 01:19:52]} {[%emt 00:05:17]} 8. Qxd2 {[%clk
01:28:54]} {[%emt 00:00:08]} d6 {[%clk 01:19:48]} {[%emt 00:00:34]} 9. Be2
{[%clk 01:26:47]} {[%emt 00:02:38]} Nd7 {[%clk 01:19:10]} {[%emt 00:01:07]} 10.
O-O {[%clk 01:26:03]} {[%emt 00:01:13]} Nf6 {[%clk 01:17:46]} {[%emt 00:01:55]}
11. Rac1 {[%clk 01:22:04]} {[%emt 00:04:29]} O-O {[%clk 01:14:23]} {[%emt
00:03:53]} 12. Rfd1 {[%clk 01:21:13]} {[%emt 00:01:20]} Bf5 {[%clk 01:10:40]}
{[%emt 00:04:13]} 13. b3 {[%clk 01:17:38]} {[%emt 00:04:04]} Rac8 {[%clk
01:05:10]} {[%emt 00:06:01]} 14. Bd3 {[%clk 01:15:20]} {[%emt 00:02:48]} Bg4
{[%clk 01:03:57]} {[%emt 00:01:43]} 15. Rc2 {[%clk 01:09:54]} {[%emt 00:05:56]}
Qc6 {[%clk 00:59:30]} {[%emt 00:04:57]} 16. Be2 {[%clk 01:07:20]} {[%emt
00:03:04]} Ne4 {[%clk 00:54:04]} {[%emt 00:05:57]} 17. d5 {[%clk 01:01:39]}
{[%emt 00:06:11]} Qc7 {[%clk 00:50:48]} {[%emt 00:03:46]} 18. Qe1 {[%clk
00:59:12]} {[%emt 00:02:56]} Nf6 {[%clk 00:38:35]} {[%emt 00:12:43]} 19. c4
{[%clk 00:55:06]} {[%emt 00:04:36]} a6 {[%clk 00:36:12]} {[%emt 00:02:53]} 20.
Nd2 {[%clk 00:47:40]} {[%emt 00:07:56]} Bf5 {[%clk 00:34:51]} {[%emt 00:01:52]}
21. Rcc1 {[%clk 00:41:39]} {[%emt 00:06:31]} Rfe8 {[%clk 00:30:12]} {[%emt
00:05:09]} 22. f3 {[%clk 00:33:15]} {[%emt 00:08:54]} h5 {[%clk 00:26:16]}
{[%emt 00:04:26]} 23. Qf1 {[%clk 00:25:30]} {[%emt 00:08:14]} Qa5 {[%clk
00:23:50]} {[%emt 00:02:56]} 24. a4 {[%clk 00:22:13]} {[%emt 00:03:47]} Bh6
{[%clk 00:22:41]} {[%emt 00:01:40]} 25. f4 {[%clk 00:19:02]} {[%emt 00:03:41]}
Bg7 {[%clk 00:19:18]} {[%emt 00:03:53]} 26. Bd3 {[%clk 00:18:40]} {[%emt
00:00:51]} Bg4 {[%clk 00:18:29]} {[%emt 00:01:20]} 27. Be2 {[%clk 00:18:02]}
{[%emt 00:01:08]} Bf5 {[%clk 00:18:41]} {[%emt 00:00:18]} 28. Bd3 {[%clk
00:18:19]} {[%emt 00:00:12]} Bg4 {[%clk 00:18:34]} {[%emt 00:00:38]} 29. Be2
{[%clk 00:18:43]} {[%emt 00:00:06]} Bf5 {[%clk 00:17:53]} {[%emt 00:01:11]} 30.
Bd3 {[%clk 00:18:09]} {[%emt 00:01:04]} 1/2-1/2

[Event "DVM U20w 2023"]
[Site "Magdeburg GER"]
[Date "2023.12.28"]
[Round "4"]
[White "Malinowsky, Celina"]
[Black "Hoffmann, Sophia"]
[Result "0-1"]
[Termination "normal"]
[Board "3.3"]
[WhiteElo "1530"]
[BlackElo "1423"]
[WhiteClock "00:52:10"]
[BlackClock "00:47:45"]
[WhiteTeam "Lübecker SV 1873"]
[BlackTeam "Karlsruher SF 1853"]
[PlyCount "50"]
[WhiteFideId "16266986"]
[BlackFideId "16259130"]
[EventCountry "GER"]
[EventRounds "7"]
[EventType "team-swiss"]
[EventDate "2023.12.26"]

1. e4 {[%clk 01:30:56]} {[%emt 00:00:03]} e5 {[%clk 01:30:56]} {[%emt
00:00:04]} 2. Nf3 {[%clk 01:31:18]} {[%emt 00:00:08]} Nc6 {[%clk 01:31:21]}
{[%emt 00:00:06]} 3. Bc4 {[%clk 01:31:42]} {[%emt 00:00:06]} Bc5 {[%clk
01:31:43]} {[%emt 00:00:08]} 4. c3 {[%clk 01:32:02]} {[%emt 00:00:09]} Nf6
{[%clk 01:32:06]} {[%emt 00:00:08]} 5. d3 {[%clk 01:32:25]} {[%emt 00:00:07]}
a6 {[%clk 01:32:16]} {[%emt 00:00:20]} 6. Nbd2 {[%clk 01:31:50]} {[%emt
00:01:04]} Na5 {[%clk 01:29:27]} {[%emt 00:03:19]} 7. Nxe5 {[%clk 01:24:18]}
{[%emt 00:08:02]} Nxc4 {[%clk 01:27:11]} {[%emt 00:02:48]} 8. Nexc4 {[%clk
01:23:59]} {[%emt 00:00:48]} d6 {[%clk 01:25:47]} {[%emt 00:01:54]} 9. d4
{[%clk 01:23:05]} {[%emt 00:01:23]} Ba7 {[%clk 01:25:22]} {[%emt 00:00:55]} 10.
O-O {[%clk 01:22:21]} {[%emt 00:01:15]} O-O {[%clk 01:23:25]} {[%emt 00:02:26]}
11. Re1 {[%clk 01:19:19]} {[%emt 00:03:31]} Re8 {[%clk 01:11:11]} {[%emt
00:12:45]} 12. Qc2 {[%clk 01:13:05]} {[%emt 00:06:44]} d5 {[%clk 01:07:20]}
{[%emt 00:04:20]} 13. Ne5 {[%clk 01:12:13]} {[%emt 00:01:23]} dxe4 {[%clk
01:06:20]} {[%emt 00:01:30]} 14. Nxe4 {[%clk 01:12:00]} {[%emt 00:00:43]} Nxe4
{[%clk 01:06:10]} {[%emt 00:00:41]} 15. Rxe4 {[%clk 01:10:09]} {[%emt
00:02:20]} Bf5 {[%clk 01:03:52]} {[%emt 00:02:48]} 16. f3 {[%clk 00:59:23]}
{[%emt 00:11:15]} Bxe4 {[%clk 01:03:53]} {[%emt 00:00:30]} 17. fxe4 {[%clk
00:59:51]} Rxe5 {[%clk 01:04:03]} {[%emt 00:00:20]} 18. Bf4 {[%clk 00:58:08]}
{[%emt 00:02:14]} Re8 {[%clk 01:03:24]} {[%emt 00:01:07]} 19. Rf1 {[%clk
00:58:15]} {[%emt 00:00:24]} Qe7 {[%clk 00:59:37]} {[%emt 00:04:16]} 20. e5
{[%clk 00:57:06]} {[%emt 00:01:41]} Rad8 {[%clk 00:58:19]} {[%emt 00:01:48]}
21. Rf3 {[%clk 00:55:22]} {[%emt 00:02:14]} c5 {[%clk 00:54:43]} {[%emt
00:04:06]} 22. Rh3 {[%clk 00:55:39]} {[%emt 00:00:12]} g6 {[%clk 00:54:05]}
{[%emt 00:01:08]} 23. Rg3 {[%clk 00:54:13]} {[%emt 00:01:56]} cxd4 {[%clk
00:52:48]} {[%emt 00:01:48]} 24. Qf2 {[%clk 00:53:35]} {[%emt 00:01:08]} dxc3
{[%clk 00:47:23]} {[%emt 00:05:55]} 25. Qxa7 {[%clk 00:52:10]} {[%emt
00:01:55]} cxb2 {[%clk 00:47:45]} {[%emt 00:00:09]} 0-1

[Event "DVM U20w 2023"]
[Site "Magdeburg GER"]
[Date "2023.12.28"]
[Round "4"]
[White "Chung, Dana"]
[Black "Rosin, Ida"]
[Result "1-0"]
[Termination "normal"]
[Board "3.4"]
[WhiteElo "1289"]
[BlackElo "1199"]
[WhiteClock "00:08:29"]
[BlackClock "00:23:20"]
[WhiteTeam "Karlsruher SF 1853"]
[BlackTeam "Lübecker SV 1873"]
[PlyCount "77"]
[WhiteFideId "16235290"]
[BlackFideId "16273214"]
[EventCountry "GER"]
[EventRounds "7"]
[EventType "team-swiss"]
[EventDate "2023.12.26"]

1. e4 {[%clk 01:30:55]} {[%emt 00:00:04]} c5 {[%clk 01:30:54]} {[%emt
00:00:07]} 2. Be2 {[%clk 01:31:17]} {[%emt 00:00:08]} e6 {[%clk 01:31:10]}
{[%emt 00:00:14]} 3. d3 {[%clk 01:31:35]} {[%emt 00:00:13]} Nc6 {[%clk
01:31:27]} {[%emt 00:00:12]} 4. f4 {[%clk 01:31:25]} {[%emt 00:00:39]} d6
{[%clk 01:31:27]} {[%emt 00:00:31]} 5. Nf3 {[%clk 01:31:18]} {[%emt 00:00:37]}
Be7 {[%clk 01:31:25]} {[%emt 00:00:31]} 6. O-O {[%clk 01:30:22]} {[%emt
00:01:27]} Qc7 {[%clk 01:31:36]} {[%emt 00:00:18]} 7. Nbd2 {[%clk 01:26:30]}
{[%emt 00:04:23]} Nf6 {[%clk 01:31:26]} {[%emt 00:00:39]} 8. Nb3 {[%clk
01:24:28]} {[%emt 00:02:32]} O-O {[%clk 01:29:40]} {[%emt 00:02:17]} 9. Qe1
{[%clk 01:22:34]} {[%emt 00:02:23]} b6 {[%clk 01:26:23]} {[%emt 00:03:47]} 10.
Qg3 {[%clk 01:01:18]} {[%emt 00:21:47]} Nd4 {[%clk 01:11:12]} {[%emt 00:15:40]}
11. Nbxd4 {[%clk 00:53:46]} {[%emt 00:08:03]} cxd4 {[%clk 01:11:19]} {[%emt
00:00:23]} 12. Nxd4 {[%clk 00:53:18]} {[%emt 00:00:57]} e5 {[%clk 01:11:34]}
{[%emt 00:00:16]} 13. fxe5 {[%clk 00:50:34]} {[%emt 00:03:14]} dxe5 {[%clk
01:11:39]} {[%emt 00:00:26]} 14. Bh6 {[%clk 00:48:10]} {[%emt 00:02:54]} g6
{[%clk 01:08:36]} {[%emt 00:03:32]} 15. Bxf8 {[%clk 00:40:34]} {[%emt
00:08:05]} Kxf8 {[%clk 01:08:02]} {[%emt 00:01:05]} 16. c3 {[%clk 00:35:21]}
{[%emt 00:05:43]} Qc5 {[%clk 01:02:50]} {[%emt 00:05:41]} 17. b4 {[%clk
00:30:31]} {[%emt 00:05:20]} Qxc3 {[%clk 00:54:49]} {[%emt 00:08:32]} 18. Qxe5
{[%clk 00:26:20]} {[%emt 00:04:41]} Kg8 {[%clk 00:48:39]} {[%emt 00:06:39]} 19.
Qxe7 {[%clk 00:23:09]} {[%emt 00:03:41]} Qxd4+ {[%clk 00:48:42]} {[%emt
00:00:28]} 20. Kh1 {[%clk 00:23:04]} {[%emt 00:00:31]} Kg7 {[%clk 00:46:40]}
{[%emt 00:02:35]} 21. e5 {[%clk 00:22:11]} {[%emt 00:01:23]} Be6 {[%clk
00:36:21]} {[%emt 00:10:50]} 22. exf6+ {[%clk 00:17:31]} {[%emt 00:05:10]} Kg8
{[%clk 00:36:12]} {[%emt 00:00:38]} 23. Bf3 {[%clk 00:15:01]} {[%emt 00:03:01]}
Rf8 {[%clk 00:35:16]} {[%emt 00:01:25]} 24. Rae1 {[%clk 00:14:17]} {[%emt
00:01:13]} Qxd3 {[%clk 00:34:10]} {[%emt 00:01:37]} 25. Rd1 {[%clk 00:11:26]}
{[%emt 00:03:22]} Qb5 {[%clk 00:33:53]} {[%emt 00:00:45]} 26. Rfe1 {[%clk
00:11:07]} {[%emt 00:00:51]} Qe8 {[%clk 00:25:34]} {[%emt 00:08:47]} 27. Rxe6
{[%clk 00:10:37]} {[%emt 00:01:02]} Qc8 {[%clk 00:25:08]} {[%emt 00:00:52]} 28.
Red6 {[%clk 00:08:29]} {[%emt 00:02:40]} h6 {[%clk 00:22:08]} {[%emt 00:03:32]}
29. Qxf8+ {[%clk 00:07:10]} {[%emt 00:01:49]} Qxf8 {[%clk 00:22:01]} {[%emt
00:00:37]} 30. Rd8 {[%clk 00:07:25]} {[%emt 00:00:15]} Qxd8 {[%clk 00:21:46]}
{[%emt 00:00:45]} 31. Rxd8+ {[%clk 00:07:47]} {[%emt 00:00:08]} Kh7 {[%clk
00:22:13]} {[%emt 00:00:03]} 32. Rf8 {[%clk 00:07:55]} {[%emt 00:00:21]} h5
{[%clk 00:22:23]} {[%emt 00:00:21]} 33. Rxf7+ {[%clk 00:08:02]} {[%emt
00:00:23]} Kh6 {[%clk 00:22:42]} {[%emt 00:00:11]} 34. Rxa7 {[%clk 00:08:22]}
{[%emt 00:00:09]} Kg5 {[%clk 00:22:38]} {[%emt 00:00:35]} 35. f7 {[%clk
00:08:43]} {[%emt 00:00:09]} b5 {[%clk 00:22:39]} {[%emt 00:00:29]} 36. f8=Q
{[%clk 00:09:04]} {[%emt 00:00:09]} h4 {[%clk 00:23:00]} {[%emt 00:00:09]} 37.
Ra5 {[%clk 00:08:04]} {[%emt 00:01:30]} h3 {[%clk 00:23:00]} {[%emt 00:00:30]}
38. Rxb5+ {[%clk 00:08:29]} {[%emt 00:00:05]} Kh4 {[%clk 00:23:20]} {[%emt
00:00:10]} 39. Qf4# {[%emt 00:00:09]} 1-0

[Event "DVM U20w 2023"]
[Site "Magdeburg GER"]
[Date "2023.12.28"]
[Round "4"]
[White "Hafermann, Lara"]
[Black "Fock, Amina"]
[Result "0-1"]
[Termination "normal"]
[Board "4.1"]
[WhiteElo "1575"]
[BlackElo "1865"]
[WhiteClock "00:05:32"]
[BlackClock "00:07:21"]
[WhiteTeam "SC Borussia Lichtenberg"]
[BlackTeam "SC Kreuzberg"]
[PlyCount "68"]
[WhiteFideId "16298306"]
[BlackFideId "12981982"]
[EventCountry "GER"]
[EventRounds "7"]
[EventType "team-swiss"]
[EventDate "2023.12.26"]

1. d4 {[%clk 01:30:57]} {[%emt 00:00:02]} Nf6 {[%clk 01:30:55]} {[%emt
00:00:06]} 2. c4 {[%clk 01:31:16]} {[%emt 00:00:11]} e6 {[%clk 01:31:18]}
{[%emt 00:00:06]} 3. Nc3 {[%clk 01:31:41]} {[%emt 00:00:06]} Bb4 {[%clk
01:31:39]} {[%emt 00:00:09]} 4. Qc2 {[%clk 01:31:54]} {[%emt 00:00:17]} b6
{[%clk 01:31:41]} {[%emt 00:00:28]} 5. e4 {[%clk 01:32:06]} {[%emt 00:00:18]}
Bb7 {[%clk 01:30:04]} {[%emt 00:02:06]} 6. Bd3 {[%clk 01:31:40]} {[%emt
00:00:56]} d5 {[%clk 01:27:01]} {[%emt 00:03:34]} 7. cxd5 {[%clk 01:29:04]}
{[%emt 00:03:06]} exd5 {[%clk 01:27:22]} {[%emt 00:00:10]} 8. e5 {[%clk
01:18:55]} {[%emt 00:10:38]} Ne4 {[%clk 01:23:58]} {[%emt 00:03:53]} 9. Nf3
{[%clk 01:11:58]} {[%emt 00:07:28]} O-O {[%clk 01:12:18]} {[%emt 00:12:10]} 10.
O-O {[%clk 01:10:10]} {[%emt 00:02:17]} Bxc3 {[%clk 01:01:49]} {[%emt
00:10:59]} 11. bxc3 {[%clk 01:10:04]} {[%emt 00:00:36]} h6 {[%clk 01:02:03]}
{[%emt 00:00:16]} 12. Nd2 {[%clk 01:01:17]} {[%emt 00:09:18]} Nxd2 {[%clk
00:44:40]} {[%emt 00:17:53]} 13. Bxd2 {[%clk 01:01:34]} {[%emt 00:00:12]} Ba6
{[%clk 00:44:08]} {[%emt 00:01:02]} 14. Bh7+ {[%clk 01:00:01]} {[%emt
00:02:03]} Kh8 {[%clk 00:44:33]} {[%emt 00:00:06]} 15. Rfe1 {[%clk 01:00:23]}
{[%emt 00:00:08]} Nc6 {[%clk 00:42:46]} {[%emt 00:02:17]} 16. e6 {[%clk
00:54:39]} {[%emt 00:06:13]} fxe6 {[%clk 00:38:41]} {[%emt 00:04:36]} 17. Rxe6
{[%clk 00:52:25]} {[%emt 00:02:45]} Rf6 {[%clk 00:39:02]} {[%emt 00:00:08]} 18.
Rae1 {[%clk 00:52:12]} {[%emt 00:00:44]} Qf8 {[%clk 00:37:10]} {[%emt
00:02:21]} 19. Bg6 {[%clk 00:47:34]} {[%emt 00:05:07]} Rxe6 {[%clk 00:37:05]}
{[%emt 00:00:36]} 20. Rxe6 {[%clk 00:47:53]} {[%emt 00:00:11]} Ne7 {[%clk
00:37:25]} {[%emt 00:00:10]} 21. Bh5 {[%clk 00:41:01]} {[%emt 00:07:21]} Bc8
{[%clk 00:35:20]} {[%emt 00:02:36]} 22. Re5 {[%clk 00:33:10]} {[%emt 00:08:21]}
Bf5 {[%clk 00:34:19]} {[%emt 00:01:31]} 23. Qa4 {[%clk 00:30:52]} {[%emt
00:02:48]} Kh7 {[%clk 00:24:14]} {[%emt 00:10:35]} 24. Qa3 {[%clk 00:24:37]}
{[%emt 00:06:45]} c5 {[%clk 00:19:16]} {[%emt 00:05:28]} 25. dxc5 {[%clk
00:24:28]} {[%emt 00:00:39]} Nc6 {[%clk 00:17:41]} {[%emt 00:02:06]} 26. Rxd5
{[%clk 00:22:51]} {[%emt 00:02:07]} Be4 {[%clk 00:17:48]} {[%emt 00:00:23]} 27.
Rd7 {[%clk 00:22:10]} {[%emt 00:01:10]} Qf5 {[%clk 00:17:23]} {[%emt 00:00:54]}
28. cxb6 {[%clk 00:07:27]} {[%emt 00:15:14]} Qxd7 {[%clk 00:17:40]} {[%emt
00:00:13]} 29. Be3 {[%clk 00:07:52]} {[%emt 00:00:05]} Qb7 {[%clk 00:08:53]}
{[%emt 00:09:16]} 30. Qa4 {[%clk 00:05:45]} {[%emt 00:02:38]} Bd5 {[%clk
00:07:45]} {[%emt 00:01:38]} 31. Qf4 {[%clk 00:05:00]} {[%emt 00:01:14]} Bxa2
{[%clk 00:06:14]} {[%emt 00:02:02]} 32. bxa7 {[%clk 00:04:56]} {[%emt
00:00:34]} Nxa7 {[%clk 00:06:36]} {[%emt 00:00:08]} 33. Bxa7 {[%clk 00:05:06]}
{[%emt 00:00:20]} Qb1+ {[%clk 00:06:58]} {[%emt 00:00:07]} 34. Bd1 {[%clk
00:05:32]} {[%emt 00:00:05]} Qxd1# {[%clk 00:07:21]} {[%emt 00:00:05]} 0-1